Biblioteka Instytutu Północnego w Olsztynie

Dzieła zebrane. (Rekord nr 27607)

Szczegóły MARC
000 -Nagłówek
fixed length control field 02605cam a2200613 i 4500
001 - Nr kontrolny bibl., która utworzyła rek.
control field xx004592002
003 - Siglum bibl., której nr kontr. jest w 001
control field NUKAT
005 - Data i czas ostatniej operacji
control field 20260416111453.0
008 - Elementy pola stałej długości
fixed length control field 190412s2019 pl a |001 0 pol c
020 ## - ISBN
ISBN 9788388202629
dopowiedzenie (oprawa twarda)
020 ## - ISBN
ISBN 9788380985544
dopowiedzenie (oprawa twarda)
035 ## - Systemowy numer kontrolny
systemowy numer kontrolny (OCoLC)1413496359
035 ## - Systemowy numer kontrolny
systemowy numer kontrolny (NUKAT)xx004592002
040 ## - Instytucja sporządzająca opis
Instytucja, która sporządziła opis KR 295/AD
język katalgowania-trzyzn. kod pol
zasady opisu rda
Instytucja, która sporządziła rekord KR 295/ADs
Instytucja, która zmodyfikowała rekord KR 295/MZ
-- WR O/IS
-- OLSZT 008/bak
046 ## - Kod rodz. daty, data1, data2 (daty pne)
Begin/single date 2019
Single or starting date for aggregated content 19670101
Ending date for aggregated content 19670730
100 0# - Hasło główne-nazwa osobowa
Nazwa osobowa Stefan Wyszyński
Dopowiedzenie inne niż daty biograficzne (błogosławiony ;
Daty biograficzne 1901-1981).
rodzaj współpracy Autor
9 (RLIN) 13034
245 10 - Tytuł właściwy i oznaczenie odpow.
tytuł Dzieła zebrane.
numer części/sekcji pracy T. 19,
tytuł części/sekcji pracy Styczeń - lipiec 1967 /
dod. inf. ze s. tyt./ozn. odpow. Stefan kardynał Wyszyński Prymas Polski ; komitet redakcyjny : Iwona Czarcińska, Beata Mackiewicz, Anna Rastawicka.
260 ## - Adres wydawniczy
miejsce wydania, dystrybucji itp. Warszawa :
nazwa wydawcy, dystrybutora itp. Wydawnictwo im. Stefana Kardynała Wyszyńskiego "Soli Deo" :
-- Instytut Pamięci Narodowej - Komisja Ścigania Zbrodni przeciwko Narodowi Polskiemu,
data wydania, dystrybucji itp. © copyright 2019.
300 ## - Opis fizyczny
objętość i/lub forma materiału 420, [4] strony :
inne szczegóły opisu fizycznego ilustracje ;
format 24 cm.
336 ## - Content Type
Term Tekst
Code txt
Source rdacontent
337 ## - Media Type
Term Bez urządzenia pośredniczącego
Code n
Source rdamedia
338 ## - Carrier Type
Term Wolumin
Code nc
Source rdacarrier
380 ## - Form of work
Form of work Książki
380 ## - Form of work
Form of work Publikacje naukowe
380 ## - Form of work
Form of work Publikacje religijne
388 1# - TIME PERIOD OF CREATION
Time period of creation term 1901-2000
388 1# - TIME PERIOD OF CREATION
Time period of creation term 1945-1989
388 1# - TIME PERIOD OF CREATION
Time period of creation term 2001-
504 ## - Uwaga o bibliografii
uwaga o bibliografii Indeksy.
600 07 - Hasło przedmiotowe-nazwa osobowa
nazwa osobowa Maria
tyt., in. dopowiedz. dot. nazwy (matka Jezusa Chrystusa)
źródło hasła DBN
9 (RLIN) 37277
600 07 - Hasło przedmiotowe-nazwa osobowa
nazwa osobowa Stefan Wyszyński
tyt., in. dopowiedz. dot. nazwy (błogosławiony ;
daty biograficzne 1901-1981)
określnik formy korespondencja.
źródło hasła kaba
9 (RLIN) 40149
650 #7 - Hasło przedmiotowe-nazwa pospolita
nazwa pospolita lub geogr. Duchowość katolicka
źródło hasła DBN
9 (RLIN) 37278
650 #7 - Hasło przedmiotowe-nazwa pospolita
nazwa pospolita lub geogr. Duszpasterstwo
źródło hasła DBN
9 (RLIN) 37456
650 #7 - Hasło przedmiotowe-nazwa pospolita
nazwa pospolita lub geogr. Katolicyzm
źródło hasła DBN
9 (RLIN) 35191
650 #7 - Hasło przedmiotowe-nazwa pospolita
nazwa pospolita lub geogr. Kult maryjny
źródło hasła DBN
9 (RLIN) 40150
650 #7 - Hasło przedmiotowe-nazwa pospolita
nazwa pospolita lub geogr. Naród
źródło hasła DBN
9 (RLIN) 35192
650 #7 - Hasło przedmiotowe-nazwa pospolita
nazwa pospolita lub geogr. Ojczyzna
źródło hasła DBN
9 (RLIN) 35368
650 #7 - Hasło przedmiotowe-nazwa pospolita
nazwa pospolita lub geogr. Tysiąclecie chrztu Polski (1966)
źródło hasła DBN
9 (RLIN) 40151
651 #7 - Hasło przedmiotowe-nazwa geogr.
nazwa geograficzna Polska
źródło hasła DBN
9 (RLIN) 35076
655 #7 - Termin określający rodzaj/formę
rodzaj/forma Listy
źródło terminu DBN
9 (RLIN) 37131
655 #7 - Termin określający rodzaj/formę
rodzaj/forma Mowy
źródło terminu DBN
9 (RLIN) 36872
655 #7 - Termin określający rodzaj/formę
rodzaj/forma Wydawnictwo źródłowe
źródło terminu DBN
9 (RLIN) 35066
655 #7 - Termin określający rodzaj/formę
rodzaj/forma Przemówienia polskie
określnik chronologiczny 1945-1970.
źródło terminu kaba
9 (RLIN) 34492
655 #7 - Termin określający rodzaj/formę
rodzaj/forma Kazania polskie
określnik chronologiczny 1945-1970.
źródło terminu kaba
9 (RLIN) 40152
658 ## - Nazwa określająca cel programu nauczania
główny cel programu nauczania Religia i duchowość
700 1# - Hasło dodatkowe - nazwa osobowa
nazwa osobowa Czarcińska, Iwona.
rodzaj współpracy Redakcja
9 (RLIN) 40147
700 1# - Hasło dodatkowe - nazwa osobowa
nazwa osobowa Mackiewicz, Beata.
rodzaj współpracy Redakcja
9 (RLIN) 39672
700 1# - Hasło dodatkowe - nazwa osobowa
nazwa osobowa Rastawicka, Anna.
rodzaj współpracy Redakcja
9 (RLIN) 40148
710 2# - Hasło dodatkowe - nazwa ciała zbior.
nazwa ciała zbior. lub nazwa geogr. Wydawnictwo im. Stefana Kardynała Wyszyńskiego "Soli Deo".
rodzaj współpracy Wydawca
kod rodzaju współpracy pbl
9 (RLIN) 39674
710 2# - Hasło dodatkowe - nazwa ciała zbior.
nazwa ciała zbior. lub nazwa geogr. Instytut Pamięci Narodowej - Komisja Ścigania Zbrodni przeciwko Narodowi Polskiemu.
rodzaj współpracy Wydawca
kod rodzaju współpracy pbl
9 (RLIN) 11792
920 ## - ISBN
ISBN 978-83-88202-62-9 (oprawa twarda)
920 ## - ISBN
ISBN 978-83-8098-554-4 (oprawa twarda)
942 ## - ADDED ENTRY ELEMENTS (KOHA)
Source of classification or shelving scheme Dewey Decimal Classification
Koha item type pozycje dostępne na miejscu
Egzemplarze
Status wycofania Status zagubienia Klasyfikacja Status uszkodzenia Blokada wypożyczeń Kolekcja Lokalizacja macierzysta Lokalizacja bieżąca Data nabycia Numer akcesji Źródło akcesji Cena Nr inwentarzowy il. wypożyczeń Sygnatura Kod kreskowy Date last seen Price effective from Typ egz.
    Dewey Decimal Classification nieuszkodzona   książka w magazynie Biblioteka Instytutu Północnego w Olsztynie Biblioteka Instytutu Północnego w Olsztynie 15/11/2019 D-38/2019 dar 56.70 59901   59901 IPWK21600 16/04/2026 16/04/2026 pozycje dostępne na miejscu
Biblioteka Instytutu Północnego, ul. Partyzantów 87, 10-402 Olsztyn, email: biblioteka(at)ip.olsztyn.pl